Normal view
MARC view
- Moreno Cabrera, Octavio
Entry Nombre Personal
001 - NUMERO DE CONTROL
- campo de control: 48077
003 - IDENTIFICADOR DE NUMERO DE CONTROL
- campo de control: DLC
005 - FECHA Y HORA DE LA ÜLTIMA TRANSACCIÓN
- campo de control: 20230306113402.0
008 - DATOS DE LONGITUD FIJA
- campo de control de longitud fija: 140513n| azannaabn |a aaa
010 ## - NÚMERO DE CONTROL DE LA BIBLIOTECA DEL CONGRESO
- Número de control LC: n 2014027051
040 ## - FUENTE DE CATALOGACIÓN
- Agencia original de catalogación: DLC
- Lenguaje de catalogación: spa
- Description conventions: rda
- Agencia de transcripción: DLC
- Agencia que lo modifica: MX-MxUPN
100 1# - ENCABEZAMIENTO - NOMBRE PERSONAL
- Nombre personal: Moreno Cabrera, Octavio
373 ## - GRUPO ASOCIADO
- Associated group: Asociación Transformarse para Transformar
374 ## - OCUPACIÓN
- Occupation: Maestro
377 ## - LENGUA ASOCIADA
- Language code: spa
400 1# - VEÁSE - NOMBRE DE PERSONA
- Personal name: Cabrera, Octavio Moreno
670 ## - FUENTE EN LA QUE SE LOCALIZARON DATOS
- Cita de la fuente: Transexualidad, adolescencias y educación, 2013:
- Información localizada: portada (Octavio Moreno Cabrera) página 11 (profesor de educación secundaria; miembro de la Asociación Transformarse para Transformar)
902 ## - CATALOGADOR
- Catalogador: Víctor Ruiz/060323
